Assessing the Propensity to Car Sharing Services in University Cities: Some Insights for Developing the Co-Creation Process
Skúmanie funkcií systému zdieľanie áut v univerzitných mestách. Mestá sa často vyznačujú prítomnosťou univerzít a väčším počtom študentov, často dochádzajúcich, s priemerným vekom nižším ako 30 rokov. Použitie bivariačnej štatistickej metódy.
Na minha lista:
| Autor principal: | |
|---|---|
| Outros Autores: | , , , |
| Formato: | Capítulo de Livro |
| Idioma: | inglês |
| Assuntos: | |
| Tags: |
Sem tags, seja o primeiro a adicionar uma tag!
|
MARC
| LEADER | 00000naa a2200000 4500 | ||
|---|---|---|---|
| 001 | 0287185 | ||
| 005 | 20230118084053.5 | ||
| 041 | 0 | |a eng | |
| 044 | |a SK | ||
| 245 | 1 | 0 | |a Assessing the Propensity to Car Sharing Services in University Cities: Some Insights for Developing the Co-Creation Process |c Vincenza Torrisi, Tiziana Campisi, Matteo Ignaccolo, Giuseppe Inturri, Giovanni Tesoriere |
| 520 | |a Skúmanie funkcií systému zdieľanie áut v univerzitných mestách. Mestá sa často vyznačujú prítomnosťou univerzít a väčším počtom študentov, často dochádzajúcich, s priemerným vekom nižším ako 30 rokov. Použitie bivariačnej štatistickej metódy. | ||
| 610 | 2 | 0 | |a ekonomika zdieľaná |
| 610 | 2 | 0 | |a ekonomika zelená |
| 610 | 2 | 0 | |a automobily |
| 610 | 2 | 0 | |a doprava |
| 610 | 2 | 0 | |a udržateľnosť |
| 100 | 1 | |a Torrisi, Vincenza | |
| 700 | 1 | |a Campisi, Tiziana | |
| 700 | 1 | |a Ignaccolo, Matteo | |
| 700 | 1 | |a Inturri, Giuseppe | |
| 700 | 1 | |a Tesoriere, Giovanni | |